Characteristics of Agricultural Productivity/ (Record no. 213971)

MARC details
000 -LEADER
fixed length control field 00683nam a22002057a 4500
005 - DATE AND TIME OF LATEST TRANSACTION
control field 20251224103928.0
010 ## - LCCN (DPL NO)
LC control number ENG-147349
020 ## - INTERNATIONAL STANDARD BOOK NUMBER
International Standard Book Number 9789385981371
Terms of availability 500.00
035 ## - SYSTEM CONTROL NUMBER
System control number EN-130881
037 ## - SOURCE OF ACQUISITION
Source of stock number/acquisition DBAD
082 ## - DEWEY DECIMAL CLASSIFICATION NUMBER
Edition number 1
Classification number 338.1
100 ## - MAIN ENTRY--PERSONAL NAME
Personal name ]Jha, Ugra Mohan
245 ## - TITLE STATEMENT
Title Characteristics of Agricultural Productivity/
Statement of responsibility, etc Ugra Mohan Jha [amd] Manoj Kumar Jha
250 ## - EDITION STATEMENT
Edition statement 1
260 ## - PUBLICATION, DISTRIBUTION, ETC. (IMPRINT)
Place of publication, distribution, etc New Delhi
Name of publisher, distributor, etc Satyam Publishing House
Date of publication, distribution, etc 2016
270 ## - ADDRESS
Address N-3/25, Mohan Garden, Uttam Nagar
City New Delhi
Postal code 110059
Telephone number 9899665801
Electronic mail address satyampub_2006@yahoo.com
300 ## - PHYSICAL DESCRIPTION
Extent 84p.
Dimensions 22cm(hb)
700 ## - ADDED ENTRY--PERSONAL NAME
Personal name Jha, Manoj Kumar
Relator term Author
9 (RLIN) 86154
942 ## - ADDED ENTRY ELEMENTS (KOHA)
Source of classification or shelving scheme Dewey Decimal Classification
Item type English Books
Call number suffix JHA
Classification part 338.1
Holdings
Withdrawn status Lost status Not for loan Collection code Home library Current library Date acquired Source of acquisition Cost, normal purchase price Full call number Barcode Copy number Cost, replacement price Koha item type
      Non-fiction Sarojini Nagar Sarojini Nagar 24/12/2025 Delivery of Books Act Division 500.00 JHA 338.1 EN-130881 1 500.00 English Books

© Delhi Public Library
Hit Counter
free hit counter